=LDR 00000nam 2200000 4500 =001 INLIS000000000013140 =005 20130612104559 =008 ***********************************Ind** =035 ##$$0010-061300000013140 =041 ##$$a Ind =082 ##$$a 641.5 =090 ##$$a 641.5, Sut p =100 ##$$a Sutrisno, Indra =245 ##$$a Pesona rasa (Food Combining), Sup segar kerang hijau, Indra Sutrisno =260 ##$$a 2003 $b Jakarta =300 ##$$a 96 hlm, 24 cm =650 ##$$a Masakan =850 ##$$a NBPNMAT